000 00641cas a22001935a 4500
001 L139773
008 070807d19601965xxkqr p 0 a0eng u
035 _a(Sirsi) u139773
041 0 _aeng
110 2 _aRoyal Institution of Chartered Surveyors
_94900
245 0 4 _aThe Chartered Surveyor
_bScottish Supplement
260 _aLondon
_bRICS
_c1960-1965
362 0 _a23(1) January 1960-28(1) January 1965
554 _aFour per year
651 4 _aScotland
_y1999-
690 _aMANAGEMENT-BUSINESS MANAGEMENT-PROFESSIONAL PRACTICE
780 0 0 _tJournal of the Royal Institution of Chartered Surveyors
_bScottish Supplement
942 _n0
999 _c119124
_d119124